[Event "USA-ch"]
[Site "Seattle"]
[Date "2003.01.10"]
[Round "2"]
[White "De Firmian, Nick E"]
[Black "Foygel, Igor"]
[Result "1/2-1/2"]
[WhiteElo "2537"]
[BlackElo "2474"]
[Annotator "Erenburg,S"]
[PlyCount "37"]
[EventDate "2003.01.09"]
[EventType "swiss"]
[EventRounds "9"]
[EventCountry "USA"]
[SourceTitle "CBM 093"]
[Source "ChessBase"]
[SourceDate "2003.04.01"]
[SourceVersion "1"]
[SourceVersionDate "2003.04.01"]
[SourceQuality "1"]

1. e4 g6 2. d4 Bg7 3. Nc3 c6 4. Nf3 d6 5. Be2 Nf6 6. O-O O-O 7. Bg5 {White has
following options:} ({The main line goes with} 7. a4) (7. e5 $5 dxe5 8. Nxe5
Nbd7 9. Bf4 Nxe5 10. Bxe5 Nd5 11. Nxd5 Bxe5 12. dxe5 Qxd5 13. Qxd5 cxd5 14.
Rfd1 Be6 15. Rd4 Rac8 16. c3 Rc5 17. Rad1 b5 18. f4 Rb8 19. a3 $14 {_|_(),
Balashov,Y-Azmaiparashvili,Z,Lvov zt 1990-CBM 18}) (7. Bf4 Nbd7 8. Qd2 b5 9. e5
dxe5 10. dxe5 Nh5 11. Bh6 Nb6 $1 (11... Nxe5 12. Qxd8 Rxd8 13. Bxg7 Nxf3+ 14.
Bxf3 $14) 12. Qe3 b4 13. Rad1 Qc7 14. Bxg7 Kxg7 15. Ne4 Nd5 16. Qb3 Nhf4 $15 {
Kuczynski,R-Sznapik,A,Warsaw 1990-CBM 17}) (7. h3 Nbd7 8. e5 Ne8 9. Bf4 (9. Re1
dxe5 10. dxe5 Nc7 11. Bf1 Ne6 12. a4 Qc7 13. Qe2 a5 14. b3 b6 15. Qe3 Ba6 16.
Bxa6 Rxa6 17. Bb2 Raa8 18. Ne2 Rfd8 19. Ned4 Ndc5 $10 {Stohl,I-Gelfand,B,
Dortmund-A 1990-CBM 18}) 9... dxe5 10. dxe5 Nc7 11. Qc1 Ne6 12. Bh6 Qa5 13.
Bxg7 Kxg7 14. Qe3 Qb6 15. Qc1 Qc5 16. Ne4 Nd4 $1 17. Nxc5 Nxe2+ 18. Kh2 Nxc1
19. Nxd7 Bxd7 20. Raxc1 c5 $10 {Martin Gonzales,M-Azmaiparashvili,Z,Toledo
1991-CBM 22}) (7. Re1 $5 Qc7 8. Bf4 Nh5 9. Bg5 $1 h6 10. Be3 e5 11. Qd2 Kh7 12.
Rad1 Nd7 13. d5 c5 14. h3 a6 15. a4 Qa5 16. Ra1 $14 {(),Gallagher,J-McNab,C,
London LB 1990}) 7... b5 {A rare move. Black also tried:} (7... Bg4 {allowing
white to get a pair of bishops.} 8. h3 (8. Qd2 Nbd7 9. Rad1 Re8 10. h3 Bxf3 11.
Bxf3 $14 {1-0 Rajkovic,D-Pfleger,H/Germany 1990/GER-chT (56)}) 8... Bxf3 9.
Bxf3 Nbd7 10. Qd2 {Thanks to a pair of bishops white's chances are preferable.
1-0 Damjanovic,V-Notaros,K/Tivat 1995/CBM 48 ext (42)}) (7... Nbd7 8. e5 (8.
Qd2 $5) 8... Ne8 9. Re1 f6 10. exd6 exd6 11. Bf4 d5 $11 {0-1 Zhelnin,V-Gipslis,
A/Pardubice 1994/EXT 97 (53)}) (7... h6 {See commented game 0-1 Hachatrian,
V-Minasian,A/Yerevan 2001/CBM 86/[Roiz,M] (27)}) (7... Qc7 {1-0 Beliavsky,
A-Timman,J/Reykjavik 1991/CBM 26/[Stohl] (41)}) 8. a3 {preventing b5-b4.} (8.
e5 $6 b4 $1 9. exf6 exf6 $11) 8... Qc7 {This is the typical position for Pirc
defence. White enjoying a spatial superiority and he is going to develop his
heavy pieces on the "d" file. On the other hand black has a very solid
position- without weaknesses, his plan is to play e7-e5 strike.} ({After} 8...
a6 9. Qd2 Nbd7 10. Rad1 {white's position is preferable thanks to spatial
superiority and more active pieces than the black's ones.}) 9. Qd2 (9. d5 a6)
9... Nbd7 (9... e5 10. d5 $16) 10. Qf4 $5 {Interesting decision. White is
transfering his queen to h4 to put the pressure on the f6 knight after black
provides e7-e5.} ({Deserved attention more standart} 10. Rad1) ({Or} 10. Rfe1
e5 $6 11. d5 $14 {1/2-1/2 Galego,L-McNab,C/Cappelle la Grande 1993/TD (66)})
10... e5 11. Qh4 ({Comes to consideration} 11. dxe5 dxe5 12. Qh4) 11... exd4 (
11... Bb7 12. Rfd1 $14) 12. Nxd4 Re8 {Black intends to get the counterplay,
putting the pressure on the white central e4-pawn.} 13. Rfd1 a6 (13... Bb7 14.
Bf3 a6 {-see the game.}) 14. Bf3 Bb7 {[%csl Yb7,Re4,Ye8,Yf6][%cal Gc6c5]} 15.
Rd2 ({White had a following alternative:} 15. Nde2 d5 (15... c5 16. Ng3 b4 17.
Nce2 $14) 16. exd5 Nxd5 $11 {[%csl Yg7] For example:} 17. Nxd5 $6 (17. a4 $5)
17... cxd5 18. c3 Ne5 19. Bxd5 Bxd5 20. Rxd5 Nc4 $15) 15... c5 ({In case of} 
15... Rad8 16. Nde2 $14 {[%csl Yd2]}) 16. Ndxb5 $1 {[%mdl 512]} (16. Nb3 $2 b4
$1 $17) 16... axb5 17. Nxb5 Qb6 18. Nxd6 Qxb2 ({Deserved attention} 18... Re6
19. Nxb7 Ne5 $1 20. Nxc5 Nxf3+ 21. gxf3 Qxc5 22. Rad1 {White has four pawns
for the knight ,but two of them are doubles. It isn't so easy to evaluate this
position, but I feel that chances of the opponents are about equal.}) 19. Rad1
{Black should play on, because of the following variations:} (19. Rad1 Bc6 (
19... Re6 $2 20. Nxb7 Qxb7 $2 21. e5) ({Deserves attention} 19... Re5 20. Qf4
$5 (20. Bf4 Bc6 21. Nc4 Qc3 $15) 20... Rxg5 (20... Ba6 21. Nxf7 $1 Re7 22. e5
Rae8 23. Bxf6 Nxf6 24. Nd6 Qxe5 25. Qxe5 Rxe5 26. Nxe8 $14) (20... Bc6 21. Nc4
Qc3 22. Nxe5 Nxe5 23. Bxf6 Nxf3+ 24. Qxf3 Qxf6 25. Qxf6 Bxf6 26. Rd6 $18) 21.
Qxg5 Bc6 $11) 20. Nxe8 Rxe8 21. Qf4 ({Of course not} 21. Rd6 Bxe4 {[%csl Gb2,
Yf6]}) 21... Qxa3 22. Bxf6 Nxf6 23. Rd6 Bxe4 24. Rxf6 Bxc2 $1 (24... Bxf6 25.
Bxe4 $11) 25. Rxf7 (25. Bd5 Bxf6 26. Qxf6 Qa7 {and black is a pawn up.}) 25...
Bxd1 26. Re7 Rf8 $8 (26... Rxe7 27. Bd5+ $18) 27. Qc4+ Kh8 28. Bxd1 Qa1 {
Black's position is better and without any risk.}) 1/2-1/2

[Event "RUS-chT 11th"]
[Site "Sochi"]
[Date "2004.04.22"]
[Round "3.1"]
[White "Fominyh, Alexander"]
[Black "Morozevich, Alexander"]
[Result "0-1"]
[WhiteElo "2579"]
[BlackElo "2732"]
[Annotator "Erenburg,S"]
[PlyCount "80"]
[EventDate "2004.04.20"]
[EventType "team-tourn"]
[EventRounds "9"]
[EventCountry "RUS"]
[SourceTitle "EXT 2020"]
[Source "ChessBase"]
[SourceDate "2019.10.17"]
[SourceVersion "1"]
[SourceVersionDate "2019.10.17"]
[SourceQuality "1"]
[WhiteTeam "Vladivostok Debiut-DVGU"]
[BlackTeam "Tomsk 400"]
[WhiteTeamCountry "RUS"]
[BlackTeamCountry "RUS"]

1. Nf3 g6 2. d4 Bg7 3. e4 d6 4. Nc3 Nf6 5. Be2 O-O 6. O-O c6 {Other
theoretical possibilities are:} (6... Bg4 {1/2-1/2 Ivanchuk,V-Hillarp Persson,
T/Malmo 2003/CBM 95/[Erenburg] (18)}) (6... Nc6 {1/2-1/2 Pelletier,Y-Smirin,I/
Biel 2003/CBM 97_01/[Erenburg] (46)}) (6... e6 $5 {1-0 Azarov,S-Gretarsson,H/
Rethymnon 2003/CBM 98/[Erenburg] (45)}) 7. a4 Nbd7 8. e5 {Interesting attempt
to get an advantage. White increases his space advantage, but, on the other
hand, this decision is responsible, as white pushes his "e" pawn quite far
from other pawns. Other continuations are:} (8. Be3 {1-0 Guseinov,K-Istratescu,
A/Istanbul 2003/CBM 96/[Erenburg] (41)}) (8. a5 {1/2-1/2 Bronstein,L-Nogueiras,
J/Buenos Aires 2003/CBM 97_01/[Erenburg] (24)}) (8. Bf4 {1-0 Shahade,G-Nyback,
T/Bermuda 2002/CBM 88/[Gofshtein,L] (27)}) 8... Ne8 {Black is going to get his
knight to the game through the c7 square. In the previous games black tried
also} (8... dxe5 9. dxe5 Ne8 (9... Nd5 10. Nxd5 cxd5 11. Qxd5 Nxe5 12. Qxd8
Rxd8 $11 {Moldovan,D-Marin,M/Ciocaltea mem 2000}) 10. e6 $5 (10. Bf4 $5) 10...
fxe6 11. Be3 Nd6 12. Ng5 $6 Nf6 13. Qd2 e5 14. Rad1 Bf5 $15 {Zalkind,K-Kogan,A/
Rishon Le Zion 9798 1998 (36)}) 9. Bf4 {This move strengthens the central pawn
e5, and seems to me more logical than} (9. Bg5 dxe5 (9... f6 $6 10. exf6 Ndxf6
11. Re1 Nc7 12. Qd2 Ne6 13. Bh4 {Hunt,H-Fabriano,G/London Lloyds 1993/1-0 (79)}
(13. Bh6 $5 $14)) 10. dxe5 Nc7 $132 {[%cal Gc7e6]}) 9... dxe5 {Another option
is} (9... Qa5 {1-0 Azarov,S-Azmaiparashvili,Z/Rethymnon 2003/CBM 98/[Erenburg]
(42)}) 10. dxe5 ({Nothing special promising to white} 10. Nxe5 Nxe5 11. Bxe5
Bxe5 12. dxe5 Qc7 13. Qd4 Ng7 14. Rad1 Qb6 15. Qxb6 axb6 $14 {/= Fox,A-Ludgate,
A/Dublin zt 1993 (22)}) 10... Nc7 11. Bc4 {occupying the a2-g8 diagonal, and
taking control over e6 square. White has the following continuations as well:}
(11. Qc1 {1/2-1/2 Jenni,F-Tischbierek,R/Zuerich 1999/CBM 73/[Oratovsky,M] (36)}
) (11. Qd2 $6 Ne6 12. Rad1 (12. Bg3 $2 Nxe5 {winning a pawn}) 12... Nxf4 13.
Qxf4 Qc7 $17 {[%csl Re5] Westerkamp,B-Pel,B/Groningen SC op 1996/0-1 (57)}) (
11. h3 $5) 11... Nb6 12. Ba2 $146 {According to my database, this position
appeared for the first time. In the preceding game white continued} (12. Bb3
Be6 13. Bxe6 Nxe6 14. Bg3 Qxd1 15. Rfxd1 a5 16. Ne4 Rfd8 $11 {0-1 Pulkkinen,
K-Maki,V/Finland 1994/EXT 98 (32)}) 12... Bg4 {Now white faces the problems of
protecting the e5 square, as the result of too optimistic play in opening.} 13.
Qe2 Ne6 $1 14. Bxe6 {allowing black to open the "f" file. Maybe white should
prefer} (14. Be3 Qc7 $1 (14... Bxe5 15. Bxb6 $18) (14... Bxf3 15. Qxf3 Bxe5 16.
Rfd1 Qc7 17. a5 Nd7 18. Bxe6 Bxh2+ 19. Kh1 fxe6 20. Qh3 Bd6 21. Qxe6+ Rf7 22.
Ne4 $36) 15. h3 Bxf3 16. Qxf3 Nd7 $132) 14... fxe6 $1 15. Bg3 Bxf3 16. gxf3 Qe8
$6 {Black achieved a slight advantage after} (16... Nd5 $142 17. Ne4 Nf4 18.
Bxf4 Rxf4 19. Nc5 Qd5 20. Nd3 Rf5 $15 (20... Rxf3 $2 21. Nb4 $1)) 17. Ne4 $1
Qf7 18. Nc5 Nd5 {opening the "b" file, thus, preventing from white the capture
on b7.} ({Worse is} 18... Qxf3 19. Qxf3 Rxf3 20. Nxe6 Nd5 $14) 19. c4 Nf4 20.
Bxf4 Qxf4 21. Nxe6 Qxf3 22. Rfe1 Qxe2 23. Rxe2 Rf5 24. Nxg7 Kxg7 25. Rd1 {
We got RR endgame, where it seems like white has better chances, thanks to
control over "d" file. But, black is able to neutralize white's rooks activity,
and, due to white's weak pawn e5 black isn't worse.} Kf7 {activating the king.}
26. Rd7 Rb8 $1 27. a5 (27. e6+ Kf6 28. Kg2 $11) 27... Ke6 28. Rc7 Rff8 29. Rd2
({White is worse after} 29. a6 Rfc8 30. Rxc8 Rxc8 31. axb7 Rb8 $15) 29... Rfc8
{trapping the rook.} 30. Rcd7 {remaining with four rooks on the board.} ({
White doesn't equalize after} 30. Rdd7 {, as black's monarch becomes extremely
active.} Rxc7 31. Rxc7 Kxe5 32. Rxe7+ Kd4 33. Rxh7 Kxc4 34. Rg7 Kb3 $15) 30...
c5 {fixing white's pawn on c4} 31. Kg2 (31. a6 bxa6 32. Rxa7 Rc6 $15) 31... a6
32. Kf3 ({Probably better was} 32. f4 $1 b5 33. Ra7 Rc6 34. Rdd7 Kf5 35. Rxe7
Kxf4 $11) 32... Rf8+ {improving the location of the rook.} 33. Kg3 Rf5 34. Rd8
(34. Rc7 $5 Rg5+ (34... Rxe5 35. Rdd7 $36) 35. Kf4 Rf5+ 36. Kg3 $11) 34... Rg5+
35. Kf4 $2 {Serious mistake. After simple} (35. Kf3 $1 {white could achieve
draw quite easily:} Rf5+ $11 36. Kg3 Rf8 $6 37. R8d5 $14 {/=}) 35... Rxd8 36.
Rxd8 Rg2 $1 $17 {Now black succeeds to capture more pawns, than his opponent :)
} 37. Ke3 Rxh2 38. Rb8 Rh3+ $1 39. f3 g5 $1 40. Rxb7 g4 {Probably the
scoresheet of the game isn't complete. Black's position is winning, according
to the following variation:} (40... g4 41. Ra7 $1 (41. Ke4 g3 $1 42. Rb8 Kf7
$19) 41... h5 $1 (41... g3 $2 42. f4 g2+ 43. Kf2 Rg3 44. Kg1 h5 45. Rxa6+ Kf5
46. Rh6 $14) 42. Rxa6+ Kxe5 43. Rh6 Rxf3+ 44. Ke2 (44. Kd2 Kd4 45. Rxh5 Rf2+
46. Ke1 Rxb2 47. Rg5 e5 {-see the main line.}) 44... Kd4 45. Rxh5 Rb3 46. Rg5
Rxb2+ 47. Ke1 e5 (47... Kxc4 48. Rxg4+ Kd5 49. Ra4 Rb7 50. Ke2 $11) 48. Rxg4+
e4 49. a6 Ra2 50. Rg6 Kxc4 51. Rd6 Kc3 $19) 0-1

[Event "EU-ch 5th"]
[Site "Antalya"]
[Date "2004.05.16"]
[Round "2"]
[White "Klinova, Masha"]
[Black "Gurevich, Mikhail"]
[Result "0-1"]
[WhiteElo "2436"]
[BlackElo "2672"]
[Annotator "Erenburg,S"]
[PlyCount "50"]
[EventDate "2004.05.15"]
[EventType "swiss"]
[EventRounds "13"]
[EventCountry "TUR"]
[SourceTitle "CBM 101"]
[Source "ChessBase"]
[SourceDate "2004.07.27"]
[SourceVersion "1"]
[SourceVersionDate "2004.07.27"]
[SourceQuality "1"]

1. e4 d6 2. d4 Nf6 3. Nc3 g6 4. Nf3 Bg7 5. Be2 Nc6 $5 {Quite rare continuation.
Black provokes white for d4-d5, that will open the long diagonal a1-h8 for his
dark-squared bishop. In addition, black prepares to carry out e7-e5, attacking
white's centre.} 6. h3 {preventing from black Bg4, which could be weaken
white's centre.} O-O 7. O-O e5 8. Be3 (8. dxe5 {1-0 Rozentalis,E-Ehlvest,J/
Koszalin 1998/CBM 65 ext/[Rozentalis] (42)}) (8. d5 Ne7 9. Nd2 Ne8 10. Nc4 f5
11. f4 Nf6 12. fxe5 dxe5 13. d6 Nc6 14. Bg5 Be6 $132 {1-0 Bezgodov,A-Zajarnyi,
A/Minsk 1998/CBM 64 ext (35)}) 8... exd4 9. Nxd4 Bd7 {Black has got a typical
pawn structure, where white has some space advantage, but black has pressure
along the semi-open "e" file. But, white has already played h2-h3, which plays
in black's hands, becauce it compromises white's natural f2-f3.} (9... Re8 10.
Nxc6 bxc6 11. Bf3 Ba6 12. Re1 Nd7 13. Rb1 Rb8 14. Bd4 Ne5 15. Be2 Bxe2 16. Nxe2
c5 17. Bc3 Qh4 18. Ng3 Re6 19. Qe2 h5 20. Rbd1 $14 {1-0 Shabanov,
Y-Kremenietsky,A/Moscow 2002/EXT 2003 (20)}) 10. Nxc6 $6 $146 {According to my
database this move was played for the first time. In previous game white
continued with more logical} (10. Qd2 Re8 11. Bd3 a6 12. Nde2 b5 13. Bg5 Qb8
14. Ng3 Ne5 15. Qf4 Re6 16. Qh4 Ne8 17. f4 f6 18. Bh6 Bxh6 19. Qxh6 Nf7 20. Qh4
$14 {1-0 Wagner,A-Pohl Kuemmel,J/Bayern 1998/EXT 2000 (41)}) 10... Bxc6 11. Bf3
$6 {Another inaccuracy. White isn't able to protect his central pawn e4
without eliminating black's knight f6, that will give black a pair of bishops.}
({Better was} 11. f3 Re8 $11) 11... Re8 $1 12. Bg5 ({White doesn't equalize
after} 12. Qd3 Nd7 13. Bd4 Ne5 $15) 12... h6 13. Bxf6 Bxf6 $15 {Black's
position is clearly better, thanks to a pair of bishops, which are extremely
active.} 14. Re1 ({White could sacrifice a pawn with} 14. Qd2 {, which,
probably, was the best practical decision, but after} Bxc3 15. Qxc3 Bxe4 16.
Bxe4 Rxe4 17. Rfe1 Rxe1+ 18. Rxe1 c6 $15 {I don't really see the compensation
for white.}) 14... Bxc3 $1 {Right decision to worsen white's pawn structure.}
15. bxc3 Re5 $17 {Black's advantage is obvious, thank to superior pawn
structure.} 16. Re3 h5 {Now black doesn't hurry, and improves his position,
increasing his space advantage.} 17. Qd4 Qe7 18. a4 h4 {fixing white's
kingside pawns.} 19. Rae1 a6 {liberating the queenside rook from defending "a"
pawn.} 20. Qb4 Re8 21. Qd4 Qg5 $1 {Now black starts to improve the positions
of his heavy pieces, transfering them to 5-th rank.} 22. Bg4 Ra5 23. Ra1 Ree5 {
Black absolutely dominates the board. White has too many weaknesses, which are
extremely difficult for protecting.} 24. Be2 Qe7 25. Bd3 Bxa4 $4 {It seems
like black wins the pawn, but he overlooked something. White resigned in
winning position... Probably, both opponents missed white's 27-th move... Or,
maybe the scoresheet of the game isn't right...} (25... Bxa4 26. Rxa4 c5 {
[%tqu "En","It looks like black won the exchange... Does white has some
tactical resource? Please suggest the move for white.","","","d4e5","",10]} 27.
Qxe5 (27. Qc4 $4 b5 $19) 27... Qxe5 28. Rxa5 Qxc3 29. Ra2 $18) ({After} 25...
Qe8 $1 $17 {black is clearly better.}) 0-1

[Event "Moscow Aeroflot op-A"]
[Site "Moscow"]
[Date "2004.02.23"]
[Round "7"]
[White "Zhao, Jun"]
[Black "Minasian, Artashes"]
[Result "0-1"]
[WhiteElo "2434"]
[BlackElo "2582"]
[Annotator "Erenburg,S"]
[PlyCount "52"]
[EventDate "2004.02.17"]
[EventType "swiss"]
[EventRounds "9"]
[EventCountry "RUS"]
[SourceTitle "CBM 100"]
[Source "ChessBase"]
[SourceDate "2004.06.01"]
[SourceVersion "1"]
[SourceVersionDate "2004.06.01"]
[SourceQuality "1"]

1. e4 g6 2. d4 Bg7 3. Nf3 d6 4. Bc4 {Quite a rare continuation. White occupies
the a2-g8 diagonal.} c6 5. Bb3 Nf6 6. Nc3 O-O 7. O-O Bg4 {In many variations
of the Pirc defence it is recommendable to change the light-squared bishop.} ({
Another possibility is} 7... d5 {1/2-1/2 Nisipeanu,L-Sanduleac,V/Calimanesti
1999/CBM 70/[Tsesarsky] (46)}) 8. h3 Bxf3 9. Qxf3 Nbd7 {completing the
development. Other continuations are:} (9... Nfd7 $5 {1/2-1/2 Howell,
J-Petursson,M/Hafnarfirdi 1992/CBM 29/[Stohl] (66)}) (9... e6 10. Bg5 h6 11.
Bh4 Nbd7 12. Rad1 Qa5 13. Rfe1 d5 14. a3 b5 15. e5 Nh7 16. Na2 Qb6 17. c3 c5
18. Nc1 cxd4 19. cxd4 Rac8 $132 {Hassapis,M-Murshed,N,Eastbourne ch-GB 1990})
10. Be3 {It seems like the best place for the dark-squared bishop, as from
there it strengthens the centre. White tried also} (10. Bg5 {1-0 Nanu,
C-Sanduleac,V/Calimanesti 1999/CBM 70/[Tsesarsky] (33)}) (10. Qe2 e5 11. Be3
Qe7 12. d5 $14 (12. f4 Nh5 $132 {0-1 Kranzl,A-Mooij,J/cr ch Eu teams 0 (28)}))
(10. Rd1 e6 (10... Qc7 11. Bg5 b5 12. a3 a6 13. Qe2 Kh8 14. Re1 Ng8 15. Rad1 e6
16. Qd2 $14 {0-1 ARTHUR-Nijboer,F/AEGON, The Hague NED 1997 (54)}) 11. Bf4 Qe7
12. d5 e5 13. dxc6 bxc6 14. Be3 Ne8 15. Qe2 Qd8 16. Qa6 $16 {1-0 Gusev Yuri
S-Shashin Boris/Tournament Armed Forces Moscow RUS 1970 (38)}) (10. Bf4 e5 11.
dxe5 dxe5 12. Bg5 Qc7 13. Rad1 h6 14. Bxf6 Nxf6 15. Qe3 Rad8 16. Qxa7 (16. Rxd8
Rxd8 17. Qxa7 $14 {0-1 Newman,E-Knudsen,J/CC USCF 1979 (20)}) 16... Rd4 17.
Rxd4 exd4 18. Qxd4 Ng4 19. e5 Nxe5 $14) (10. Ne2 Qc7 11. c3 e5 12. Bg5 Rae8 13.
Rfe1 a6 14. Rad1 exd4 15. Nxd4 c5 16. Ne2 Nxe4 17. Bf4 c4 18. Bc2 f5 19. Bxd6
Nxd6 20. Qd5+ Rf7 21. Qxd6 $11 {1/2-1/2 Moeckel,E-Meszaros,I/Bad Liebenzell
WM-sen sp 1996 (28)}) 10... Qc7 {Black doesn't hurry to play the typical e7-e5,
but tries to keep all the options. He suffers from lack of space, but his pawn
structure is very flexible and the position is very solid. Therefore, black
has some chances for counterplay.} (10... e6 11. Qd1 a6 12. a4 Rc8 13. Bf4 Ne8
14. Ne2 e5 15. dxe5 dxe5 16. Be3 $14 {1/2-1/2 Tkachiev,V-Bologan,V/Tilburg
1994/CBM 44 (52)}) (10... e5 11. Rad1 Qe7 12. Rfe1 Nh5 13. dxe5 Bxe5 14. g3 b5
15. Bc1 Nc5 $11 {1/2-1/2 Emms,J-Tkachiev,V/Cappelle la Grande 1994/EXT 99 (28)}
) 11. a4 {preventing black from b7-b5, thus, increasing the space advantage.} (
11. Ne2 e5 12. c3 Rae8 13. Ng3 h5 14. Rfe1 exd4 15. Bxd4 Ne5 16. Qd1 Bh6 17.
Be3 Bxe3 18. Rxe3 $14 {1/2-1/2 Bryson,D-McNab,C/Scotland 1993/TD (73)}) 11...
e6 $146 {This move was played for the first time. In the previous game black
continued} (11... a5 12. Rad1 Rfe8 13. Qe2 e5 14. dxe5 Nxe5 15. Rfe1 Qe7 16.
Qd2 Bf8 17. Bg5 Ned7 18. Bf4 Ne5 19. Bg5 Ned7 20. Bf4 {1/2-1/2 Dobrzynski,
W-Doda,Z/Szeczin 1967/EXT 2001 (20)}) 12. a5 (12. Rfd1 $5 {comes to
consideration.}) 12... b5 {Sooner or later black has to go for some active
play.} 13. axb6 axb6 14. d5 $1 {White emphasizes the main defect of black's
position - the weakness of the light squares.} Rxa1 15. Rxa1 cxd5 16. exd5 exd5
{Black gives white the stronghold d5 and a superior pawn structure. But, on
the other hand, he hopes to compensate these white advantages with his
dark-squared bishop and strongholds c5 and e5, which wil be occupied by the
knight.} 17. Ra2 (17. Bxd5 Nxd5 18. Qxd5 Bxc3 19. bxc3 Ne5 $11) ({Deserves
attention} 17. Qd1 Ne5 18. Bxd5 $14) 17... Ne5 18. Qd1 Nc6 {[%cal Yc6b4]} ({
After} 18... Nc4 19. Bd4 $16 {white's position is obviously better.}) 19. Ra4
$1 {covering the b4 square.} Ne7 20. Qa1 $2 {throwing an advantage. More
attractive was} (20. Bd4 $1 Nf5 $141 21. Bxf6 Bxf6 22. Nxd5 Qd8 23. c3 $16)
20... Nf5 {After some maneouvres black found a good location for the knight.}
21. Bg5 Qc5 $6 {Now it's black's turn to make an inaccuracy.} ({Black
equalized after} 21... d4 22. Bxf6 (22. Ra7 Qc5 23. Na4 Qc6 {and black isn't
worse for sure.}) 22... dxc3 23. Bxg7 Nxg7 $11) 22. Bxf6 Bxf6 23. Nxd5 $14 {
/=. White's chances are slightly better, thanks to his superior pawn structure.
} Bd4 24. Qe1 b5 {The following continuations aren't better, than the move in
the game:} (24... Bxb2 $2 25. c3 $16) (24... Kg7 25. g4 $1 b5 (25... Nh4 26.
Qe7 Bxf2+ (26... Nf3+ 27. Kg2 Nd2 28. Nc7 $1 $18) 27. Kh1 {[%cal Ge7f6]} Bg3
28. Qf6+ Kh6 29. g5+ Kh5 30. Qg7 $18) 26. Ra5 Nh4 27. Kf1 $1 {[%cal Ge1e7]} (
27. Qe7 Bxf2+ 28. Kh1 Qd4) 27... Nf3 28. Qe2 $16 {[%cal Gc2c3]}) 25. Ra2 (25.
Ra5 Bxb2 26. c3 Rc8 $11) 25... Kg7 $1 {preparing an unpleasant surprise for
white...} 26. c3 $4 {[%mdl 8192] A terrible mistake, which loses the game
immediately...} ({Much better is} 26. Kf1 {and white's position isn't worse in
any case.}) (26. g4 $6 Nh4 27. Qe7 Bxf2+ 28. Kh1 (28. Kf1 Bg3 29. Qf6+ Kh6)
28... Qd4 $17) {[%tqu "En","Please find the winning move for black.","","",
"f8e8","",10]} 26... Re8 $1 {White loses lots of material, therefore he
resigns.} (26... Re8 27. Ne3 (27. Qf1 Bxf2+) (27. Qxe8 Bxf2+ 28. Kh1 Ng3+ 29.
Kh2 Bg1+ 30. Kxg3 Qf2+ 31. Kg4 h5+ 32. Kg5 Qg3#) 27... Bxe3 28. Ra1 (28. fxe3
Rxe3 $19) 28... Re5 $19) 0-1